000 00791nam a22002537a 4500
001 74600
003 BD-RjUL
005 20211209082557.0
008 181031r20131993ii a|||| |||| 00| 0 eng d
035 _a(BD-RjUL)74818
040 _aBD-RjUL
_beng
_cBD-RjUL
041 _aeng
082 _223
_a519.5
_bBAE 2013
100 _aBaisnab, A. P .
_9224566
245 _aElements of probability and statistics /
_cA P Baisnab, Manoranjan Jas.
260 _aNew Delhi :
_bTata McGraw-Hill,
_c©1993, [reprint 2013]
300 _axii, 408 pages :
_billustrations ;
_c22 cm
504 _aIncludes bibliography and index.
650 _aMathematical statistics
_9224571
650 _aProbabilities
_9224572
650 _aStatistics
_9224573
700 _aJas, Manoranjan
_9224570
942 _2ddc
_cBK
999 _c74600
_d74600